| 000 | 01447cam a22002891 4500 | ||
|---|---|---|---|
| 001 | gs 65000406 | ||
| 003 | DLC | ||
| 005 | 20260227111418.0 | ||
| 008 | 720308s1959 bl a b 000 0 por | ||
| 010 | _ags 65000406 | ||
| 035 | _a(OCoLC)258811 | ||
| 040 |
_aDLC _cOKentU _dOCoLC _dDLC |
||
| 042 | _apremarc | ||
| 050 | 0 | 0 |
_aQE235 _b.A2 no. 202, etc. |
| 100 | 1 |
_aCunha, Fausto L. de Souza _q(Fausto Luiz de Souza) |
|
| 245 | 1 | 0 | _aMamíferos fósseis do Pleistoceno de Rio Grande do Sul. |
| 260 |
_aRio de Janeiro : _bServic̜o Gráfico de Instituto Brasileiro de Geografia e Estatística, _c1959- |
||
| 300 |
_av. : _billus. ; _c23 cm. |
||
| 490 | 1 |
_aDivisão de Geologia e Mineralogia. Boletim _vno. 202 |
|
| 500 | _aVol. 1 has summary in English. | ||
| 501 |
_aWith : Bibliografia e indice da geologia do Brasil (1641-1940), 1959 -- Rochas pirometassomáticas da mina de cobre de Santa Blandina, 1960 -- Bibliografia e indice da geologia do Brasil (1941-1950), 1960 -- Bibliografia e indice da geologia do Brasil (1958-1959), 1960. Rio de Janeiro : Servic̜o Gráfico de Instituto Brasileiro de Geografia e Estatística. Bound together subsequent to publication. _5DLC |
||
| 504 | _aBibliography: v. 1, p. [44]-47. | ||
| 650 | 0 | _aMammals, Fossil. | |
| 650 | 0 |
_aPaleontology _yPleistocene. |
|
| 650 | 0 |
_aPaleontology _zBrazil _zRio Grande do Sul (State) |
|
| 810 | 1 |
_aBrazil. _bDivisão de Geologia e Mineralogia. _vBoletim no. 202, etc. |
|
| 999 |
_c30130 _d30130 |
||